Reconnais ces joueurs passés par le FC Nantes (avec images) - Statistiques

Statistiques générales
  • Ce quiz a été pris 41 fois
  • Le résultat moyen est 10 sur 16
Statistiques - réponses
Par images Réponse % Correct
leo dubois
94%
kalifa coulibaly
77%
lucas deaux
77%
alejandro bedoya
68%
appiah
68%
charles traore
68%
wylan cyprien
68%
anthony limbombe
61%
renaud emond
61%
jean kevin augustin
55%
lohann doucet
55%
serge gakpe
55%
erai comert
48%
joao victor
48%
djibril sow
45%
Adryan
42%
Aucun quiz correspondant
Distribution des résultats
% des personnes avec chaque résultat
Percentile par nombre de réponses
Votre historique - résultats
Vous n’avez pas pris ce quiz